| 000 | 00549cam a2200217 i 4500 | ||
|---|---|---|---|
| 003 | OSt | ||
| 005 | 20260428111052.0 | ||
| 008 | 150508s2016 enkab b 001 0 eng | ||
| 020 | _z9780582493247 | ||
| 040 |
_bHDL _cHDL |
||
| 041 | _aeng | ||
| 082 | 0 | 0 | _a955.02 N8 |
| 100 | 1 | _aMorgan, David, | |
| 245 | 1 | 0 |
_aMedieval Persia 1040-1797 / _cDavid Morgan. |
| 250 | _aSecond edition. | ||
| 264 | 1 |
_aNew York _bLongman Group _c1988 |
|
| 300 | _axvii, 198 p. | ||
| 651 | 0 |
_aIran _xHistory _91235831 |
|
| 942 |
_2CC _cTEXL _n0 |
||
| 999 |
_c1848590 _d1848590 |
||